000
00236nam a22001097a 4500
082
_a
808.3 MIT'O
100
_a
MITACHELL, HEDGES F. A
_9
79967
245
_a
DANGER MY ALLY
260
_a
LONDON
_b
PAN
_c
1956
300
_a
249P
942
_c
BK
999
_c
584945
_d
584945